What Saint Paul really said :Was Paul of Tarsus the real founder of Christianity? (Record no. 22500)

MARC details
000 -LEADER
fixed length control field 00622cam a2200169 a 4500
020 ## - INTERNATIONAL STANDARD BOOK NUMBER
ISBN 0802844456 (pbk. : alk. paper : Eerdmans)
020 ## - INTERNATIONAL STANDARD BOOK NUMBER
ISBN 0880281812 (pbk : alk. paper : Forward)
082 00 - DEWEY DECIMAL CLASSIFICATION NUMBER
Classification number 225.92
Author Cutter WRI
100 1# - MAIN ENTRY--AUTHOR NAME
Author name Wright, N. T.
245 10 - TITLE STATEMENT
Title What Saint Paul really said :Was Paul of Tarsus the real founder of Christianity?
260 ## - PUBLICATION, DISTRIBUTION, ETC. (IMPRINT)
Place of publication Grand Rapids, Mich. :
Name of publisher W.B. Eerdmans Pub. ;
Place of publication Cincinnati, Ohio :
Name of publisher Forward Movement Publications,
Year of publication 1997.
300 ## - PHYSICAL DESCRIPTION
Number of Pages 192 p. ;
500 ## - GENERAL NOTE
General note Based on various lectures given at various places and times.
650 #0 - SUBJECT ADDED ENTRY--TOPICAL TERM
Topical Term Christianity Origins
942 ## - ADDED ENTRY ELEMENTS (KOHA)
Koha item type Books
Holdings
Home library Current library Shelving location Date acquired Full call number Accession Number Koha item type
Henry Martyn Institute Library Henry Martyn Institute Library General stacks 11/15/2018 225.92 WRI 11003861 Books
                   Copyright © 2026 | Henry Martyn Institute | Hyderabad | TS-500052 | INDIA | Implemented by hmi.edu.in
Hit-Count:

Powered by Koha